Statistics for NBA Teams Lowest Winning Record against a Single Team

Click here to take the quiz!

General Stats

  • This quiz has been taken 5 times
  • The average score is 22 of 30

Answer Stats

Teams All-Time Record Team Against % Correct
Miami Heat(20-43) 31.7%San Antonio Spurs
100%
Los Angeles Lakers(130-160) 44.8%Boston Celtics
100%
Boston Celtics(39-54) 41.9%San Antonio Spurs
75%
Utah Jazz(76-107) & (78-110) 41.5%Lakers & Thunder
75%
Toronto Raptors(13-33) 28.3%San Antonio Spurs
75%
San Antonio Spurs(86-84) 50.6%Portland Trail Blazers
75%
Sacramento Kings(58-120) 32.6%San Antonio Spurs
75%
Portland Trail Blazers(47-67) 41.2%Boston Celtics
75%
Phoenix Suns(107-142) 43.0%Los Angeles Lakers
75%
Orlando Magic(18-43) 29.5%San Antonio Spurs
75%
Oklahoma City Thunder(106-143) 42.6%Los Angeles Lakers
75%
New York Knicks(182-293) 38.3%Boston Celtics
75%
New Orleans Pelicans(18-46) 28.1%San Antonio Spurs
75%
Minnesota Timberwolves(30-89) 25.2%San Antonio Spurs
75%
Atlanta Hawks(143-233) 38.0%Boston Celtics
75%
Memphis Grizzlies(24-71) 25.3%San Antonio Spurs
75%
Los Angeles Clippers(42-128) 24.7%San Antonio Spurs
75%
Indiana Pacers(30-60) 33.3%Los Angeles Lakers
75%
Houston Rockets(53-90) 37.1%Boston Celtics
75%
Golden State Warriors(61-109) 35.9%San Antonio Spurs
75%
Detroit Pistons(35-63) 35.7%Utah Jazz
75%
Denver Nuggets(36-54) & (70-105) 40.0%Celtics & Lakers
75%
Dallas Mavericks(47-110) 29.9%Los Angeles Lakers
75%
Cleveland Cavaliers(31-64) 32.6%San Antonio Spurs
75%
Chicago Bulls(34-55) 38.2%San Antonio Spurs
75%
Washington Wizards(41-84) 32.8%Miami Heat
75%
Milwaukee Bucks(11-26) 29.7%New Orleans Pelicans
50%
Philadelphia 76ers(38-77) 33.0%Orlando Magic
50%
Charlotte Hornets(14-45) 23.7%Houston Rockets
50%
Brooklyn Nets(24-64) 27.3%Portland Trail Blazers
50%

Score Distribution

Percentile by Number Answered

Percent of People with Each Score

Your Score History

You have not taken this quiz